000 00748nam a22002291 4500
999 _c16886
_d16886
001 2644300
003 ARRUPE
005 20170718110131.0
008 740605s1967 nju 000 0 eng
010 _a 67018697
040 _aDLC
_cDLC
_dDLC
050 0 0 _aB801
_b.V3
082 0 0 _a190/.9/032
100 1 _aVann, Richard T.,
_ecomp.
_933131
245 1 0 _aCentury of genius: European thought, 1600-1700,
_cedited by Richard T. Vann.
260 _aEnglewood Cliffs, N.J.,
_bPrentice-Hall
_c[1967]
300 _axi, 179 p.
_c21 cm.
440 0 _aSources of civilization of the West
_933132
490 0 _aA Spectrum book.
650 0 _aPhilosophy, Modern
_y17th century.
_933133
906 _a7
_bcbc
_corignew
_du
_eocip
_f19
_gy-gencatlg
942 _2lcc
_cMONOGRAPH